Avileños : (Record no. 178803)

MARC details
000 -LEADER
campo de control de longitud fija 01301nam a2200301 4500
001 - NÚMERO DE CONTROL
campo de control 178803
003 - IDENTIFICADOR DE NÚMERO DE CONTROL
campo de control ES-MaACL
005 - FECHA Y HORA DE LA ÚLTIMA TRANSACCIÓN
campo de control 20230905164247.0
008 - DATOS DE LONGITUD FIJA--INFORMACIÓN GENERAL
campo de control de longitud fija 110704s2007 sp afo |||| |dspa d
020 ## - NÚMERO INTERNACIONAL ESTÁNDAR DEL LIBRO
Número Internacional Estándar del Libro 978-84-611-8004-2
080 ## - NÚMERO DE LA CLASIFICACIÓN DECIMAL UNIVERSAL
Número de la Clasificación Decimal Universal 636.043.3(460.189)
100 1# - ENTRADA PRINCIPAL--NOMBRE DE PERSONA
Nombre de persona Sanchidrián Gallego, Jesús María José.
9 (RLIN) 103003
245 10 - MENCIÓN DEL TÍTULO
Título Avileños :
Resto del título el trato de los animales de labor : fotografías /
Mención de responsabilidad, etc. Jesús Mª J. Sanchidrián Gallego.
250 ## - MENCION DE EDICION
Mención de edición 1ª ed.
260 ## - PUBLICACIÓN, DISTRIBUCIÓN, ETC.
Lugar de publicación, distribución, etc. Ávila :
Nombre del editor, distribuidor, etc. Piedra Caballera,
Fecha de publicación, distribución, etc. 2007.
300 ## - DESCRIPCIÓN FÍSICA
Extensión 222 p. :
Otras características físicas principalmente il., fot. ;
Dimensiones 18 x 25 cm.
490 1# - MENCIÓN DE SERIE
Mención de serie Estampas de la tierra de Ávila ;
Designación de volumen o secuencia 5
505 8# - NOTA DE CONTENIDO CON FORMATO
Nota de contenido con formato Contiene: El trato de los animales de labor ; Cuaderno de viaje ; Currículum [del autor]
600 14 - PUNTO DE ACCESO ADICIONAL DE MATERIA--NOMBRE DE PERSONA
Nombre de persona Sanchidrián Gallego, Jesús María José.
9 (RLIN) 103003
650 #4 - PUNTO DE ACCESO ADICIONAL DE MATERIA--TÉRMINO DE MATERIA
Término de materia o nombre geográfico como elemento de entrada Animales de tiro-
Subdivisión geográfica Ávila (Provincia)
9 (RLIN) 174075
651 #4 - PUNTO DE ACCESO ADICIONAL DE MATERIA--NOMBRE GEOGRÁFICO
Nombre geográfico Ávila (Provincia)-
Subdivisión general Usos y costumbres.
9 (RLIN) 174076
651 #4 - PUNTO DE ACCESO ADICIONAL DE MATERIA--NOMBRE GEOGRÁFICO
Nombre geográfico Ávila (Provincia)-
Subdivisión de forma Obras ilustradas.
9 (RLIN) 174073
830 1# - PUNTO DE ACCESO ADICIONAL DE SERIE-TÍTULO UNIFORME
Título uniforme Estampas de la tierra de Ávila ;
Designación de volumen o secuencia 5
9 (RLIN) 191035
852 4# - LOCALIZACIÓN
Ubicación ES-MaACL
Número de control de estantería A-11303
itemnumber 185664
Sublocalización o colección R.145560
Ubicación en estantería Depósito 1
Signatura antigua Olim: N-4307
Encuadernación Donación: Jesús María J. Sachidrián Gallego
903 ## - NOMBRE PERSONAL DE DONANTE
9 103003
a Sanchidrián Gallego, Jesús María José
e Donante
942 ## - ELEMENTOS DE ENTRADA SECUNDARIOS (KOHA)
Fuente del sistema de clasificación o colocación Clasificación decimal universal
Holdings
Estatus retirado Estado de pérdida Fuente del sistema de clasificación o colocación Estado de daño No para préstamo Biblioteca de origen Biblioteca actual Ubicación en estantería Fecha de adquisición Fuente de adquisición Total de préstamos Signatura topográfica completa Código de barras Visto por última vez Precio de reemplazo Tipo de ítem Koha
    Clasificación decimal universal     Biblioteca del Ateneo de Madrid Biblioteca del Ateneo de Madrid Depósito 1 04/07/2011 Donación   A-11303 1187819 23/02/2023 23/02/2023 Libro impreso